00602nam a2200145 i 4500001000700000003000900007005001700016008004100033040003700074100003100111245014400142260004900286300002200335852009900357160372ES-MaACL20230906212021.0000104s1892 sp |||| | spa d aM-RACM bspa cM-RACM dCCPB | B1 aMuñoz García, Mariano.10aEstudio crítico-legal del R.D. de 23 de noviembre de 1891 sobre provisión de canongías y beneficios / cpor Mariano Muñoz García. aMadrid : b[s.n.], c1892 (fGregorio Yuste) a104 p. ; c22 cm. aES-MaACLjT-545-F-6 z-- Enc. hol., conservando la cub. original z-- Enc. en un vol. facticio